| 000 | 00991nam a22002537a 4500 | ||
|---|---|---|---|
| 005 | 20170124103030.0 | ||
| 010 | _aA-492839 | ||
| 020 | _c150.00 | ||
| 035 | _aA-492839 | ||
| 037 | _bCen Lib/Ret | ||
| 040 |
_aDPL _bHN |
||
| 082 |
_aउ _bजैनआ |
||
| 100 |
_aआनन्द प्रकाश जैन _963435 |
||
| 245 |
_aकुणाल की ऑंखें / _cआनन्द प्रकाश जैन |
||
| 246 |
_aKunal ki ankhen / _bby Anand Prakash Jain |
||
| 260 |
_aदिल्ली _bपराग प्रकाशन _c1991 |
||
| 270 |
_bदिल्ली _a3/114, कर्ण गली विश्वास नगर, शाहदरा _e110032 |
||
| 300 |
_aभिन्न पृ. _c21सेमी(सजिल्द) |
||
| 650 |
_aहिन्दी साहित्य _963436 |
||
| 650 |
_aउपन्यास _963437 |
||
| 650 |
_aHindi literature _963438 |
||
| 650 |
_aFiction _98901 |
||
| 942 |
_2ddc _cHN _hउ _mजैनआ |
||
| 999 |
_c115827 _d115827 |
||